00607nam a2200157Ia 4500001001000000003000500010008004100015010001100056040000900067082001800076110007100094245019000165260003500355300001100390650004800401Para_6878CHAP220125s1984 xx 000 0 und d a205656 cCHAP aPA 630.72 I47 aInstituto Nacional de Investigaciones Agrícolas. México (CIAN) aGuía para la asistencia técnica Agrícola :b área de influencia del Campo Agrícola Experimental Sierra de Chihuahua /c por Instituto Nacional de Investigaciones Agrícolas aMéxico, D.F. :b INIA. CIAN a115 p. aAgricultura x investigación x Chihuahua